000 01808nam a22002777a 4500
003 OSt
005 20220331093525.0
008 100322s2020 dr ac 000 0 spa d
020 _a9789945612295
040 _aDO-SdBNP
_bspa
_cBNPHU
082 4 _a372.6
_bO68i
_222
110 1 _aOrganización de Estados Iberoamericanos para la Educación, la Ciencia y la Cultura
_929137
245 1 0 _aInforme de sistematización del Plan Nacional de Alfabetización Quisqueya Aprende Contigo /
_cMaría del Pilar González ; coordinadora general Rita Monte de Ocas.
260 _aSanto Domingo :
_bOrganización de Estados Iberoamericanos para la Educación la Ciencia y la Cultura (OEI),
_bDirección General de Programas Especiales de la Presidencia (DIGEPEP)
_c2020.
300 _a110 p. :
_bil., fots., gráfcs., retrs.,
_c28 cm.
490 _aQuisqueya aprende contigo
504 _aBibliografía : p. 107-110
505 0 _tPrefacio (Mariano Jabonero) --
_t Lista de abreviaturas --
_tIntroducción: del despliegue a la intervención personalizada --
_gCapítulo 1 --
_tDel diseño a la implementación del plan: fases y niveles --
_gCapítulo 2 --
_tDespliegues y procesos --
_gCapítulo 3 --
_tEl relato institucional, la voz de los protagonistas --
_gCapítulo 4 --
_t Alcance y límites de los resultados --
_gCapítulo 5 --
_tNuevos puntos de partida para nuevos puntos de llegada --
_tA modo de cierre: Cuando la conclusión se convierte en introducción --
_tBibliografía .
590 _aInventariado, 2021/ YL
650 4 _aAlfabetización (Educación)
_977100
650 4 _aPolítica educativa
_zRepública Dominicana
_910500
700 1 _aGonzález, María del Pilar,
_978177
_eautora
700 1 _aMonte de Ocas, Rita,
_ecoord.
_9206
910 _aYL / Validado. Control de calidad MFF
942 _2ddc
_cLBS1
999 _c49625
_d49625